Principes d'économique / (Record no. 143090)

MARC details
000 -LEADER
campo de control de longitud fija 00904nam a2200217 i 4500
001 - NÚMERO DE CONTROL
campo de control 143090
003 - IDENTIFICADOR DE NÚMERO DE CONTROL
campo de control ES-MaACL
005 - FECHA Y HORA DE LA ÚLTIMA TRANSACCIÓN
campo de control 20250816063226.0
007 - CAMPO FIJO DE DESCRIPCIÓN FÍSICA--INFORMACIÓN GENERAL
campo de control de longitud fija t|
008 - DATOS DE LONGITUD FIJA--INFORMACIÓN GENERAL
campo de control de longitud fija 070214s1927 fr |||| | fre d
100 1# - ENTRADA PRINCIPAL--NOMBRE DE PERSONA
Nombre de persona Seligman, Edwin Robert Anderson (
Fechas asociadas al nombre 1861-1939)
9 (RLIN) 105306
245 10 - MENCIÓN DEL TÍTULO
Título Principes d'économique /
Mención de responsabilidad, etc. par Edwin R.-A. Seligman ; traduits sur la 8e éd. par M. Lecarpentier, professeur d'Economie Politique áa la Faculté Libre de Droit de Paris.
260 ## - PUBLICACIÓN, DISTRIBUCIÓN, ETC.
Lugar de publicación, distribución, etc. Paris :
Nombre del editor, distribuidor, etc. Marcel Giard,
Fecha de publicación, distribución, etc. 1927 (
Lugar de fabricación/manufactura Laval :
Fabricante Barnéoud)
300 ## - DESCRIPCIÓN FÍSICA
Extensión 2 v. :
Otras características físicas il. ;
Dimensiones 23 cm +
Material acompañante/anejo 4 gráf. + 4 gráf. pleg. + 1 map. pleg.
490 1# - MENCIÓN DE SERIE
Mención de serie Bibliothéque internationale d'Economie Politique
650 07 - PUNTO DE ACCESO ADICIONAL DE MATERIA--TÉRMINO DE MATERIA
Término de materia o nombre geográfico como elemento de entrada Economía
Fuente del encabezamiento o término embne
9 (RLIN) 12006
700 1# - ENTRADA AGREGADA--NOMBRE PERSONAL
Nombre de persona Lecarpentier, G.
9 (RLIN) 71052
830 00 - PUNTO DE ACCESO ADICIONAL DE SERIE-TÍTULO UNIFORME
Título uniforme Bibliothèque internationale d'économie politique
9 (RLIN) 181587
852 ## - LOCALIZACIÓN
Ubicación ES-MaACL
Número de control de estantería A-62-63
Holdings
Estatus retirado Estado de pérdida Estado de daño No para préstamo Biblioteca de origen Biblioteca actual Ubicación en estantería Fecha de adquisición Fuente de adquisición Total de préstamos Signatura topográfica completa Código de barras Visto por última vez Precio de reemplazo Tipo de ítem Koha
        Biblioteca del Ateneo de Madrid Biblioteca del Ateneo de Madrid Sala Pecera Planta 1 17/01/2008     A-62-63 1148876 23/02/2023 23/02/2023 Libro impreso